000 00292nam a2200121Ia 4500
008 191201s2009 xx 000 0 und d
100 _aBERSON,Alex
245 0 _aData Warehousing, data mining and OLAP
260 _c2009
_bTMH
_aN. delhi
300 _a612
650 _aCSE
942 _2ddc
_cBB
_01
999 _c7711
_d7711